| 000 | 00555nam a2200181 4500 | ||
|---|---|---|---|
| 001 | 127471 | ||
| 003 | ES-MaACL | ||
| 005 | 20230906193024.0 | ||
| 007 | t| | ||
| 008 | 070214s1962 sp r ||||1| ita d | ||
| 100 | 1 |
_aRiera Vidal, Pedro. _997138 |
|
| 245 | 1 | 3 |
_aUn giorno a Toledo _b: (guida artistica ilustrata) / _cPedro Riera Vidal ; traduzione di Maria P. Caruso. |
| 250 | _a1ª. ed. | ||
| 260 |
_aToledo : _b[s.n.], _c1962. |
||
| 300 |
_a106 p., 22 lám. ; _c17 cm. |
||
| 700 | 1 |
_aCaruso, Maria P. _935922 |
|
| 852 |
_aES-MaACL _jC-22652 _bR.50362 |
||
| 999 |
_c127471 _d127471 |
||